Mountains of Sutherland - Statistics

General Stats
  • This quiz has been taken 6 times
  • The average score is 14 of 28
Answer Stats
Height (m) Mountain % Correct
787 Arkle
100%
927 Ben Hope
100%
764 Ben Loyal
100%
998 Ben More
100%
721 Ben Stack
100%
847 Canisp
100%
801 Cranstackie
100%
731 Suilven
100%
773 Beinn Spionnaidh
50%
961 Ben Klibreck
50%
815 Breabag
50%
914 Foinaven
50%
776 Glas Bheinn
50%
801 Meallan Liath Coire Mhic Dughaill
50%
777 Meall Horn
50%
732 Sabhal Beag
50%
808 Sail Garbh
50%
764 Sail Gorm
50%
764 Spidean Coinich
50%
628 Beinn Dhorain
0%
688 Beinn Direach
0%
792 Beinn Leoid
0%
705 Ben Armine
0%
873 Ben Hee
0%
759 Carn an Tionail
0%
713 Creag Mhor
0%
750 Meallan a'Chuail
0%
613 Meall an Fhuer Loch
0%
No matching quizzes found
Score Distribution
Percent of People with Each Score
Percentile by Number Answered
Your Score History
You have not taken this quiz